Statistics for Top 10 Highest-Grossing Videogames

Click here to take the quiz!

General Stats

  • This quiz has been taken 214 times
  • The average score is 2 of 10

Answer Stats

Ranking and Money MadeAnswer% Correct
6. (2006) (Wii) $6bn.Wii Sports
77%
2. (1980) (too many to list) $12.8bn.Pacman
65%
9. (1984) $4.4bn. (Arcade,NES,Coleco)Donkey Kong
25%
1. (no year) (Arcade/ Atari 2600) $13.9bn.Space Invaders
25%
4. (2004) (PC) $8.5bn.World of Warcraft
19%
8.(2007) (Wii) $5bn.Wii Fit
13%
3. (1991) (SNES/arcade/genesis) $10.6bn.Street Fighter II
2%
5. (2007) (PC) $6.8bn.CrossFire
1%
10. (2005) $4bn. (PC)Dungeon Fighter Online
1%
7. (1995) (PC) $5.7bn.Lineage
1%

Score Distribution

Percentile by Number Answered

Percent of People with Each Score

Your Score History

You have not taken this quiz